| 000 | 00520nam a22001817a 4500 | ||
|---|---|---|---|
| 999 |
_c192994 _d192994 |
||
| 005 | 20221012145947.0 | ||
| 010 | _aENG-135390 | ||
| 020 |
_a9789380032443 _c350.00 |
||
| 035 | _aEN-118922 | ||
| 037 | _bDBAD/PUB | ||
| 082 | _aS | ||
| 100 | _aZaidi, Annie | ||
| 245 |
_aKnown Turf: _bBantering with Bandits and Other True Tales/ _cAnnie Zaidi |
||
| 260 |
_aNew Delhi _bTranquebar Press _c2013 |
||
| 270 |
_a47, Brij Mohan Road, Daryaganj _bNew Delhi _e110002 |
||
| 300 |
_a280p. _c20cm(pbk) |
||
| 942 |
_2ddc _cEN _mZAI _hS |
||